000 01043nam a2200301 i 4500
001 196005
003 ES-MaACL
005 20250804062711.0
008 240809s2021 sp ||||| |||| 00| 0 spa d
020 _a9788419009234
_qISBN edición papel
020 _a9788419009609
_qISBN edición digital
040 _aES-MaACL
_cES-MaACL
100 1 _9165526
_aPileño, María
_eaut
245 _aEl sello de Salomón /
_cMaría Pileño.
250 _aPrimera edición: 2021
260 _aEspaña :
_bCaligrama,
_c2021.
300 _a237 pág. :
_c22 cm.
336 _2rdacontent
_aTexto
337 _2rdamedia
_asin mediación
338 _2rdacarrier
_avolumen
655 0 _aNovelas
_9234319
852 _aES-MaACL
_bR.153276
_cDEPOJ
_hDonación: María Pileño
_xEncuadernación rústica con solapas
_9205034
903 _9165526
_aPileño, María
_ednr
942 _cMONOGRAFIA
_n0
999 _c196005
_d196005